000 00569nam a2200241 a 4500
001 nice12345678
003 IN_TiNIC
005 20260116011956.0
008 050524s1950 shia grp 000 0 urd
020 _a
_c100
082 0 0 _a297.8
_bAHM1
100 _aAhmed, Qadri Sayeed
245 _aKashf-E-Haqeeqat
260 _aShimla
_bIndian Institute
_c1950
300 _a32p
500 _aincludes index and biblioraphy
505 2 _aIndex
650 _aJamaat-E-Islami
700 1 _aAhmed, Qadri Sayeed
902 _bSRS
942 _cBK
999 _c5131
_d5131